00508nam a2200181 a 4500008004100000020001500041050001500056100003300071245003100104250001200135260003400147300002400181350000900205490003400214650002200248650003400270700002200304120416s1977 ||||||||||||||||| || u a0070270139 aHG 179 Has aHastings, Paul Guiler, 1914-10aPersonal finance (2nd ed.) a2nd ed. aNew York :bMcGraw-Hillc1977 aviii, 612 p. : ill. a0.00 aMcGraw-Hill series in finance aFINANCE, PERSONAL 0aFINANCE--DEVELOPING COUNTRIES aMietus, Norbert J